00469nam a22001457a 4500008004100000020001500041082001900056245006100075260004700136300000800183440000700191942001200198999001500210952009800225230623b xxu||||| |||| 00| 0 eng d a9966900845 a330.bNDA 1996 aThe Behaviour of Income Velocity in Tanzania, 1967-1994 bAfrican Economic Research Consortiumc1996 a54p n50 2ddccBK c2401d2401 00102ddc4070a002b002d2023-06-23l0o330. NDA 1996p10009729r2023-06-23w2023-06-23yBK